000 00316nam a22001337a 4500
008 181105b xxu||||| |||| 00| 0 eng d
020 _a9780155065970
041 _aeng
080 _24th
_a371
100 _a46
101 _aEDU
245 _aPatterns & Themes A Basic English Reader
_cRogers,J.R
942 _2udc
_cBK
999 _c51835
_d51835